|
|
|
|
| LEADER |
01819cas a2200289 a 4500 |
| 001 |
AALejournalIMF021579 |
| 008 |
230101c9999 xx r poo 0 0eng d |
| 020 |
|
|
|c 5.00 USD
|
| 020 |
|
|
|z 9781513572734
|
| 022 |
|
|
|a 1018-5941
|
| 040 |
|
|
|a BD-DhAAL
|c BD-DhAAL
|
| 245 |
1 |
0 |
|a Trade and Inclusive Growth.
|
| 264 |
|
1 |
|a Washington, D.C. :
|b International Monetary Fund,
|c 2021.
|
| 300 |
|
|
|a 1 online resource (49 pages)
|
| 490 |
1 |
|
|a IMF Working Papers
|
| 500 |
|
|
|a <strong>Off-Campus Access:</strong> No User ID or Password Required
|
| 500 |
|
|
|a <strong>On-Campus Access:</strong> No User ID or Password Required
|
| 506 |
|
|
|a Electronic access restricted to authorized BRAC University faculty, staff and students
|
| 520 |
3 |
|
|a This paper surveys the literature on the relationship between international trade and inclusive growth. It examines claims that the rise in inequality in many countries can be attributed to the concurrent rise in trade competition, especially from EMEs like China, spurring trade tensions and protectionist measures. The paper investigates the conflicting literature showing the aggregate benefits of trade versus the adverse and persistent impact of trade, especially import competition, on specific industries and local communities. The paper then reviews the evidence for using trade policies and other complementary policies for adjustment and compensation to those groups adversely affected by trade.
|
| 538 |
|
|
|a Mode of access: Internet
|
| 650 |
|
7 |
|a Globalization
|2 imf
|
| 650 |
|
7 |
|a Growth
|2 imf
|
| 650 |
|
7 |
|a Inclusive Growth
|2 imf
|
| 650 |
|
7 |
|a Inequality
|2 imf
|
| 650 |
|
7 |
|a Trade
|2 imf
|
| 830 |
|
0 |
|a IMF Working Papers; Working Paper ;
|v No. 2021/074
|
| 856 |
4 |
0 |
|z Full text available on IMF
|u http://elibrary.imf.org/view/journals/001/2021/074/001.2021.issue-074-en.xml
|z IMF e-Library
|